Statistiche per Maggior numero di Partenze in prima fila consecutive in Formula 1

Clicka qui per fare il quiz!

Statistiche generali

  • Questo quiz è stato fatto 3 volte
  • Il punteggio medio è 7 su 10

Statistiche sulle risposte

NazionePilotaNumero di prima fileGare consecutive in prima fila% Corretto
Regno UnitoLewis Hamilton20Belgio 2014 - Italia 2015
100%
Regno UnitoLewis Hamilton12Stiria 2020 - Emilia-Romagna 2020
100%
GermaniaSebastian Vettel14Singapore 2010 - Gran Bretagna 2011
100%
FranciaAlain Prost16Sudafrica 1993 - Australia 1993
67%
BrasileAyrton Senna24Germania 1988 - Australia 1989
67%
GermaniaNico Rosberg14Giappone 2015 - Europa 2016
67%
GermaniaNico Rosberg12Gran Bretagna 2014 - Australia 2015
67%
GermaniaNico Rosberg12Gran Bretagna 2016 - Abu Dhabi 2016
67%
Regno UnitoNigel Mansell15Australia 1986 - Messico 1987
67%
Regno UnitoDamon Hill17Australia 1995 - Giappone 1996
0%

Distribuzione punteggi

Percentile per numero di risposta

Percentuale di utenti per punteggio

I tuoi punteggi nel tempo

Non hai fatto questo quiz